000 00904cam a2200205 4500
001 WB3821-05
008 020613n2002 000 0 eng u
035 _a(Sirsi) u118410
245 _aNew construction orders
260 _c2002
490 _aDTI Press Release
_v(C-0602) 13 June 2002, (2)
520 _aAnalysis of new construction orders in 1Q 2002. Orders in the three months to April 2002 rose by 17% compared to previous period due to extremely high infrastructure sector orders in March. Large rises also occurred in the public non- housing and private industrial sectors. http://www.nds.coi.gov.uk/coi/coipress.nsf/2b45e1e3ffe090ac802567350059d840/1048a98fac30ed3580256bd70033d867?OpenDocument
590 _aWB
650 _aCONSTRUCTION ORDERS
650 _aCONSTRUCTION DEMAND
650 _aCONSTRUCTION MARKET
650 _aSTATISTICS
690 _aBUILT ENVIRONMENT
942 _n0
999 _c70484
_d70484